Discourse and coherence : from the sentence structure to relations in text /

Hlavní autor: Zikánová, Šárka
Další autoři: Hajičová, Eva, 1935-, Vidová-Hladká, Barbora, 1971-, Synková, Pavlína, Mírovský, Jiří, Nědolužko, Anna, Poláková, Lucie, Rysová, Kateřina, 1984-, Rysová, Magdaléna, 1988-, Václ, Jan
Jazyk: Angličtina
Čeština
Vydáno: [Prague] : Ústav formální a aplikované lingvistiky, [2015]
Edice: Studies in computational and theoretical linguistics
Témata:
Fyzický popis: viii, 266 stran : ilustrace (některé barevné) ; 25 cm
Language note: Částečně souběžný český text
Knihy
Uloženo v:
LEADER 02769nam a2200685 i 4500
001 nkc20152755686
003 CZ PrNK
005 20160504130404.0
007 ta
008 151130t20152015xr a f 001 0 eng
015 |a cnb002755686 
020 |a 978-80-904571-8-8  |q (vázáno)  |z 9788090457188 
035 |a (OCoLC)934901987 
040 |a BOA001  |b cze  |d OLA001  |e rda 
041 1 |a eng  |a cze  |h cze 
072 7 |a 81  |x Lingvistika. Jazyky  |2 Konspekt  |9 11 
080 |a 81'42  |2 MRF 
080 |a 801.73  |2 MRF 
080 |a 81'367  |2 MRF 
080 |a 81'37  |2 MRF 
080 |a 81'322.2  |2 MRF 
080 |a (048.8:082)  |2 MRF 
100 1 |a Zikánová, Šárka  |7 hka2010566818  |4 aut 
245 1 0 |a Discourse and coherence :  |b from the sentence structure to relations in text /  |c Šárka Zikánová, Eva Hajičová, Barbora Hladká, Pavlína Jínová, Jiří Mírovský, Anna Nedoluzhko, Lucie Poláková, Kateřina Rysová, Magdaléna Rysová, Jan Václ 
264 1 |a [Prague] :  |b Ústav formální a aplikované lingvistiky,  |c [2015] 
264 4 |c ©2015 
300 |a viii, 266 stran :  |b ilustrace (některé barevné) ;  |c 25 cm 
336 |a text  |b txt  |2 rdacontent 
337 |a bez média  |b n  |2 rdamedia 
338 |a svazek  |b nc  |2 rdacarrier 
490 1 |a Studies in computational and theoretical linguistics ;  |v 14th publication 
504 |a Obsahuje bibliografie, bibliografické odkazy a rejstříky 
546 |a Částečně souběžný český text 
650 0 7 |a textová analýza  |7 ph126628  |2 czenas 
650 0 7 |a diskurzivní analýza  |7 ph503054  |2 czenas 
650 0 7 |a syntax  |7 ph117044  |2 czenas 
650 0 7 |a sémantika  |7 ph117272  |2 czenas 
650 0 7 |a korpusová lingvistika  |7 ph381202  |2 czenas 
650 0 9 |a textual criticism  |2 eczenas 
650 0 9 |a discourse analysis  |2 eczenas 
650 0 9 |a syntax  |2 eczenas 
650 0 9 |a semantics  |2 eczenas 
650 0 9 |a corpus linguistics  |2 eczenas 
655 7 |a kolektivní monografie  |7 fd501537  |2 czenas 
655 9 |a collective monographs  |2 eczenas 
700 1 |a Hajičová, Eva,  |d 1935-  |7 jk01033102  |4 aut 
700 1 |a Vidová-Hladká, Barbora,  |d 1971-  |7 xx0039116  |4 aut 
700 1 |a Synková, Pavlína  |7 mzk2015895755  |4 aut 
700 1 |a Mírovský, Jiří  |7 hka2010554651  |4 aut 
700 1 |a Nědolužko, Anna  |7 jo2012689008  |4 aut 
700 1 |a Poláková, Lucie  |7 pna2008456727  |4 aut 
700 1 |a Rysová, Kateřina,  |d 1984-  |7 jo20000075560  |4 aut 
700 1 |a Rysová, Magdaléna,  |d 1988-  |7 jo2003183932  |4 aut 
700 1 |a Václ, Jan  |4 aut 
830 0 |a Studies in computational and theoretical linguistics  |0 s 
910 2 |a BOA001  |b 2-1358.193 
990 |a BK 
995 |a 01 
991 |b 201601  |c NOV 
996 6 |b 2610652336  |c 2-1358.193  |l MZK  |r Sklad / do 1 hodiny  |n 2  |p p.v.  |w 001534667  |u 000010  |a 1  |e BOA001  |j MZK50  |s P